Decoración de vidrio / (Registro nro. 3916)

000 -CABECERA
campo de control de longitud fija 00896nam a2200253 u 4500
001 - NÚMERO DE CONTROL
campo de control 000054318
005 - FECHA Y HORA DE LA ÚLTIMA TRANSACCIÓN
campo de control 20200120222827.0
008 - DATOS DE LONGITUD FIJA--INFORMACIÓN GENERAL
campo de control de longitud fija 130522s2001 sp a gr 000 0 spa d
020 ## - NÚMERO INTERNACIONAL ESTÁNDAR DEL LIBRO
Número Internacional Estándar del Libro 8434223376.
041 0# - CÓDIGO DE LENGUA
Código de lengua del texto/banda sonora o título independiente /spa
082 04 - NÚMERO DE LA CLASIFICACIÓN DECIMAL DEWEY
Número de clasificación 745.59
Número de documento/Ítem D22
Número de edición 21
245 00 - MENCIÓN DE TÍTULO
Título Decoración de vidrio /
Mención de responsabilidad, etc. dirección editorial Maria Fernanda Canal ; textos María Victoria López Santacruz.
246 34 - FORMA VARIANTE DE TÍTULO
Título propio/Titulo breve Decoración de vidrio
Resto del título proyectos paso a paso para decorar su hogar
250 ## - MENCIÓN DE EDICIÓN
Mención de edición 1a. ed.
260 ## - PUBLICACIÓN, DISTRIBUCIÓN, ETC.
Lugar de publicación, distribución, etc. Barcelona :
Nombre del editor, distribuidor, etc. Parramón,
Fecha de publicación, distribución, etc. 2001.
300 ## - DESCRIPCIÓN FÍSICA
Extensión 80 p. :
Otras características físicas il.
490 0# - MENCIÓN DE SERIE
Mención de serie Manos creativas.
500 ## - NOTA GENERAL
Nota general Ej.1 de Mosquera donado por la Biblioteca Nacional - PNLB 2012.
650 17 - PUNTO DE ACCESO ADICIONAL DE MATERIA--TÉRMINO DE MATERIA
Término de materia o nombre geográfico como elemento de entrada Artesanias en vidrio
Fuente del encabezamiento o término LEMB.
650 27 - PUNTO DE ACCESO ADICIONAL DE MATERIA--TÉRMINO DE MATERIA
Término de materia o nombre geográfico como elemento de entrada Pintura de vasos
Subdivisión general Enseñanza
Fuente del encabezamiento o término LEMB
650 27 - PUNTO DE ACCESO ADICIONAL DE MATERIA--TÉRMINO DE MATERIA
Término de materia o nombre geográfico como elemento de entrada Diseño decorativo
Fuente del encabezamiento o término LEMB.
700 1# - PUNTO DE ACCESO ADICIONAL--NOMBRE DE PERSONA
Nombre de persona López Santacruz, María Victoria
700 1# - PUNTO DE ACCESO ADICIONAL--NOMBRE DE PERSONA
Nombre de persona Canal, María Fernanda,
Término indicativo de función/relación editor.
Existencias
Estado de retiro Estado de pérdida Fuente del sistema de clasificación o colocación Estado dañado No para préstamo Código de colección Localización permanente Ubicación/localización actual Fecha de adquisición Número de inventario Total de préstamos Signatura topográfica completa Código de barras Fecha visto por última vez Fecha del último préstamo Número de copia Precio válido a partir de Tipo de ítem Koha Nota pública
          Colección General Biblioteca Pública San Juan Bosco Biblioteca Pública San Juan Bosco 20/01/2020 107342 2 745.59 D22 MOS000902 03/04/2023 24/03/2023 ej.1 20/01/2020 Libro Ocho días

© Todos los derechos reservados para la Biblioteca Pública Municipal San Juan Bosco, 2020
Secretaria de Cultura de Mosquera
Carrera 3 N° 10 Esquina Centro Cultural Barrio El Carmén Teléfono: 8270830 Ext: 34
Funcionando con KOHA
Contacto: Biblioteca Pública Municipal San Juan Bosco/ bibliotecasanjuanbosco@mosquera-cundinamarca.gov.co
Mosquera, Cundinamarca